[Event "Oberliga Bayern 1920"]
[Site "Bayern"]
[Date "2020.09.20"]
[Round "9.6"]
[White "Hartl, Aldo"]
[Black "Liepold, Stefan"]
[Result "0-1"]
[WhiteElo "2050"]
[BlackElo "2128"]
[PlyCount "44"]
[EventDate "2019.10.20"]
[EventType "team-tourn"]
[EventRounds "9"]
[EventCountry "GER"]
[SourceTitle "EXT 2022"]
[Source "ChessBase"]
[SourceDate "2021.10.06"]
[SourceVersion "1"]
[SourceVersionDate "2021.10.06"]
[SourceQuality "1"]
[WhiteTeam "Trostberg"]
[BlackTeam "Erlangen SC"]
[WhiteTeamCountry "GER"]
[BlackTeamCountry "GER"]

1. Nf3 Nf6 2. g3 g6 3. Bg2 Bg7 4. 0-0 0-0 5. d3 d5 6. Nbd2 d4 7. e3 dxe3 8. fxe3 Nc6 9. e4 Ng4 10. Nb3 a5 11. a4 Nd4 12. c3 Nxb3 13. Qxb3 Qxd3 14. Ng5 Bd4+ 15. Kh1 Nf2+ 16. Rxf2 Bxf2 17. Bf4 Bg4 18. Rf1 Qe2 19. h3 Bd7 20. Qxb7 Rab8 21. Qxc7 Rxb2 22. Bc1 Bb6 0-1

[Event "Oberliga Bayern 1920"]
[Site "Bayern"]
[Date "2020.03.01"]
[Round "7.7"]
[White "Schmahl, Stephan"]
[Black "Hartl, Aldo"]
[Result "1-0"]
[WhiteElo "2047"]
[BlackElo "2050"]
[PlyCount "59"]
[EventDate "2019.10.20"]
[EventType "team-tourn"]
[EventRounds "9"]
[EventCountry "GER"]
[SourceTitle "EXT 2021"]
[Source "ChessBase"]
[SourceDate "2020.10.23"]
[SourceVersion "1"]
[SourceVersionDate "2020.10.23"]
[SourceQuality "1"]
[WhiteTeam "Regensburg Bavaria"]
[BlackTeam "Trostberg"]
[WhiteTeamCountry "GER"]
[BlackTeamCountry "GER"]

1. d4 Nf6 2. c4 e6 3. Nf3 c5 4. d5 exd5 5. cxd5 d6 6. Nc3 g6 7. e4 Bg7 8. h3 0-0 9. Bd3 b6 10. 0-0 Ba6 11. Bf4 Bxd3 12. Qxd3 a6 13. a4 Ne8 14. e5 dxe5 15. Nxe5 f6 16. Nc4 Ra7 17. Rfe1 Nd7 18. d6 f5 19. Re7 Nef6 20. Qe3 Qa8 21. Bh6 Bxh6 22. Qxh6 Rf7 23. Rxf7 Kxf7 24. Re1 Nf8 25. Nxb6 Qd8 26. Nc4 Rb7 27. Qe3 Qc8 28. a5 Kg7 29. Qe5 Qc6 30. Nb6 1-0

[Event "Landesliga Sued 1819"]
[Site "Bayern"]
[Date "2019.02.03"]
[Round "6.6"]
[White "Jergler, Karl Heinz"]
[Black "Hartl, Aldo"]
[Result "1/2-1/2"]
[WhiteElo "2015"]
[BlackElo "2057"]
[PlyCount "25"]
[EventDate "2018.10.21"]
[EventType "team-tourn"]
[EventRounds "9"]
[EventCountry "GER"]
[SourceTitle "EXT 2022"]
[Source "ChessBase"]
[SourceDate "2021.10.06"]
[SourceVersion "1"]
[SourceVersionDate "2021.10.06"]
[SourceQuality "1"]
[WhiteTeam "Rottal Inn"]
[BlackTeam "Trostberg TSV"]
[WhiteTeamCountry "GER"]
[BlackTeamCountry "GER"]

1. e4 e5 2. Nf3 Nf6 3. Nxe5 d6 4. Nf3 Nxe4 5. Nc3 Nxc3 6. dxc3 Be7 7. Be3 0-0 8. Qd2 a5 9. h4 a4 10. a3 Nc6 11. 0-0-0 Ra5 12. Bd3 Ne5 13. Nxe5 1/2-1/2

[Event "Regionalliga SO 1617"]
[Site "Bayern"]
[Date "2017.03.19"]
[Round "7.5"]
[White "Steinheimer, Juergen"]
[Black "Hartl, Aldo"]
[Result "1/2-1/2"]
[WhiteElo "2044"]
[BlackElo "2092"]
[PlyCount "150"]
[EventDate "2016.10.16"]
[EventType "team-tourn"]
[EventRounds "9"]
[EventCountry "GER"]
[SourceTitle "EXT 2019"]
[Source "ChessBase"]
[SourceDate "2018.10.10"]
[SourceVersion "1"]
[SourceVersionDate "2018.10.10"]
[SourceQuality "1"]
[WhiteTeam "Graefelfing"]
[BlackTeam "Trostberg"]
[WhiteTeamCountry "GER"]
[BlackTeamCountry "GER"]

1. c4 e5 2. Nc3 Nf6 3. Nf3 Nc6 4. d4 exd4 5. Nxd4 Bb4 6. Nxc6 bxc6 7. Bg5 h6 8. Bh4 0-0 9. Qb3 Be7 10. e3 d6 11. Be2 Be6 12. 0-0 Qd7 13. Qc2 Bf5 14. Bd3 Bxd3 15. Qxd3 Rfe8 16. f3 Qe6 17. Bf2 Nd7 18. b3 f5 19. e4 f4 20. Ne2 Ne5 21. Qd2 g5 22. Bd4 c5 23. Bb2 Bf6 24. Rad1 Rad8 25. Nc3 c6 26. Ne2 Rf8 27. Nc1 Ng6 28. Bxf6 Qxf6 29. Rf2 Ne5 30. Nd3 Nxd3 31. Qxd3 Qe5 32. Rfd2 Rf6 33. Qc2 h5 34. Rd3 g4 35. Qf2 Qg5 36. Kf1 Kf7 37. e5 Qxe5 38. Re1 Qf5 39. Rd2 Re8 40. fxg4 Rxe1+ 41. Qxe1 hxg4 42. Re2 f3 43. Re7+ Kg6 44. Qe4 Qxe4 45. Rxe4 Kf5 46. gxf3 gxf3 47. Re3 Kg4 48. Kf2 Rh6 49. h4 Rxh4 50. Re4+ Kg5 51. Re6 Rh6 52. Re7 Kf4 53. Rf7+ Ke4 54. Re7+ Kf4 55. Rf7+ Ke5 56. Rxa7 Rf6 57. Rc7 d5 58. cxd5 Kxd5 59. Rd7+ Ke5 60. Rd2 Rf4 61. Rc2 Kd5 62. Rd2+ Ke5 63. Rc2 Kd5 64. Rd2+ Rd4 65. Rxd4+ Kxd4 66. Kxf3 c4 67. bxc4 Kxc4 68. Ke2 Kc3 69. a4 Kb4 70. Kd3 c5 71. a5 c4+ 72. Kd4 c3 73. a6 c2 74. a7 c1Q 75. a8Q Qd2+ 1/2-1/2

[Event "Regionalliga SO 1617"]
[Site "Bayern"]
[Date "2016.12.04"]
[Round "3.5"]
[White "Etlender, Roman"]
[Black "Hartl, Aldo"]
[Result "0-1"]
[WhiteElo "2131"]
[BlackElo "2092"]
[PlyCount "72"]
[EventDate "2016.10.16"]
[EventType "team-tourn"]
[EventRounds "9"]
[EventCountry "GER"]
[SourceTitle "EXT 2019"]
[Source "ChessBase"]
[SourceDate "2018.10.10"]
[SourceVersion "1"]
[SourceVersionDate "2018.10.10"]
[SourceQuality "1"]
[WhiteTeam "Ingolstadt"]
[BlackTeam "Trostberg"]
[WhiteTeamCountry "GER"]
[BlackTeamCountry "GER"]

1. c4 Nf6 2. Nc3 e5 3. g3 d5 4. cxd5 Nxd5 5. Bg2 Nb6 6. a4 a5 7. Nf3 Nc6 8. 0-0 Be7 9. d4 exd4 10. Nb5 Bf6 11. Bf4 Nd5 12. e4 Nxf4 13. gxf4 d3 14. Qc1 0-0 15. Rd1 Bg4 16. Ra3 Nb4 17. e5 Be7 18. Rc3 Na2 19. Qe3 Nxc3 20. bxc3 Qc8 21. Rxd3 Rd8 22. Ng5 Bf5 23. Be4 Bxg5 24. fxg5 Bxe4 25. Qxe4 Rxd3 26. Qxd3 Qg4+ 27. Qg3 Qd1+ 28. Kg2 Qxa4 29. Nd4 Qd7 30. e6 fxe6 31. g6 hxg6 32. Qxg6 a4 33. Nf3 Ra5 34. h4 a3 35. Ng5 Rxg5+ 36. Qxg5 Qd5+ 0-1

[Event "Regionalliga SO 1617"]
[Site "Bayern"]
[Date "2016.11.20"]
[Round "2.4"]
[White "Hartl, Aldo"]
[Black "Stoffel, Matthias"]
[Result "1-0"]
[WhiteElo "2092"]
[BlackElo "1958"]
[PlyCount "99"]
[EventDate "2016.10.16"]
[EventType "team-tourn"]
[EventRounds "9"]
[EventCountry "GER"]
[SourceTitle "EXT 2019"]
[Source "ChessBase"]
[SourceDate "2018.10.10"]
[SourceVersion "1"]
[SourceVersionDate "2018.10.10"]
[SourceQuality "1"]
[WhiteTeam "Trostberg"]
[BlackTeam "Bruckmuehl"]
[WhiteTeamCountry "GER"]
[BlackTeamCountry "GER"]

1. e4 c5 2. Nf3 d6 3. Bb5+ Nd7 4. d4 cxd4 5. Qxd4 e5 6. Qd3 Be7 7. c4 a6 8. Bxd7+ Bxd7 9. Nc3 Nf6 10. Bg5 Be6 11. 0-0 0-0 12. Rfd1 Rc8 13. b3 Qa5 14. Rac1 Rc6 15. h3 Rfc8 16. Bd2 Qd8 17. Ne1 Nd7 18. Kh2 Bg5 19. Nf3 Bxd2 20. Qxd2 h6 21. Nd5 Nf6 22. Qe3 Bxd5 23. exd5 Rc5 24. Ne1 Nd7 25. Nd3 R5c7 26. f4 exf4 27. Qxf4 Qf6 28. Qxf6 Nxf6 29. a4 Kf8 30. Kg3 b5 31. cxb5 Rxc1 32. Nxc1 axb5 33. Ne2 bxa4 34. bxa4 Rc4 35. Ra1 Nxd5 36. a5 Nc3 37. Nxc3 Rxc3+ 38. Kf4 Rc7 39. Ke4 Ke7 40. a6 Ra7 41. Kd5 Kd7 42. g4 Kc7 43. Rc1+ Kd7 44. Rc6 Ke7 45. Rb6 Kd7 46. Rb7+ Rxb7 47. axb7 Kc7 48. b8R Kxb8 49. Kxd6 g6 50. Ke5 1-0

[Event "Landesliga Sued 1516"]
[Site "Bayern"]
[Date "2016.04.10"]
[Round "9.3"]
[White "Hartl, Aldo"]
[Black "Krstic, Petar"]
[Result "0-1"]
[WhiteElo "2105"]
[BlackElo "2334"]
[PlyCount "92"]
[EventDate "2015.10.11"]
[EventType "team-tourn"]
[EventRounds "9"]
[EventCountry "GER"]
[SourceTitle "EXT 2018"]
[Source "ChessBase"]
[SourceDate "2017.10.13"]
[SourceVersion "1"]
[SourceVersionDate "2017.10.13"]
[SourceQuality "1"]
[WhiteTeam "Trostberg"]
[BlackTeam "Deggendorf"]
[WhiteTeamCountry "GER"]
[BlackTeamCountry "GER"]

1. e4 d6 2. d4 Nf6 3. Nc3 Nbd7 4. g3 e5 5. Bg2 Be7 6. Nge2 c6 7. a4 a5 8. 0-0 0-0 9. h3 Re8 10. Be3 Bf8 11. b3 h6 12. Qd2 exd4 13. Nxd4 Nc5 14. f3 d5 15. exd5 Nxd5 16. Nxd5 Qxd5 17. Rad1 Qd6 18. Bf2 Qg6 19. Rfe1 Bd7 20. Rxe8 Bxe8 21. Ne2 Ne6 22. Qc1 h5 23. h4 Be7 24. Kh2 Bd8 25. Bh3 Bc7 26. f4 Qf6 27. Qa1 Qxa1 28. Rxa1 Rd8 29. Be3 g6 30. Kg1 Ng7 31. Kf2 Bd7 32. Bxd7 Rxd7 33. Nd4 Bb6 34. Nf3 Bxe3+ 35. Kxe3 Nf5+ 36. Kf2 f6 37. Re1 Kf7 38. Re2 b5 39. Re4 Rd1 40. b4 axb4 41. axb5 cxb5 42. Rxb4 Rc1 43. Rb2 Ke6 44. Ne1 Nd6 45. Nd3 Rh1 46. Ke3 Nc4+ 0-1

[Event "Regionalliga SO 1415"]
[Site "Bayern"]
[Date "2015.01.18"]
[Round "5.5"]
[White "Hartl, Aldo"]
[Black "Gschwendtner, Klaus"]
[Result "1-0"]
[WhiteElo "2105"]
[BlackElo "2129"]
[PlyCount "73"]
[EventDate "2014.10.19"]
[EventType "team-tourn"]
[EventRounds "9"]
[EventCountry "GER"]
[SourceTitle "EXT 2018"]
[Source "ChessBase"]
[SourceDate "2017.10.13"]
[SourceVersion "1"]
[SourceVersionDate "2017.10.13"]
[SourceQuality "1"]
[WhiteTeam "Trostberg"]
[BlackTeam "Starnberger See"]
[WhiteTeamCountry "GER"]
[BlackTeamCountry "GER"]

1. e4 e5 2. Nf3 Nc6 3. d4 exd4 4. Nxd4 Bb4+ 5. c3 Be7 6. Nf5 Bf6 7. Ne3 Nge7 8. Ng4 Ng6 9. Nxf6+ Qxf6 10. Be3 d6 11. Qd2 Qe7 12. Bd3 Nge5 13. Be2 Ng4 14. Bxg4 Bxg4 15. f3 Be6 16. b3 a5 17. c4 a4 18. Qc3 0-0 19. 0-0 axb3 20. axb3 Rxa1 21. Qxa1 f5 22. Nc3 fxe4 23. Nxe4 Bf5 24. Bg5 Qf7 25. Ng3 Qg6 26. Bc1 Bd3 27. Re1 h5 28. Qc3 h4 29. Ne4 Rxf3 30. Ng5 Rf8 31. h3 Bf5 32. c5 Ne5 33. Bd2 Bd7 34. Qd4 Bxh3 35. Qxh4 Bxg2 36. Kxg2 Nf3 37. Qc4+ 1-0

[Event "Regionalliga SO 1314"]
[Site "Bayern"]
[Date "2013.11.10"]
[Round "2.5"]
[White "Gschwendtner, Klaus"]
[Black "Hartl, Aldo"]
[Result "1-0"]
[WhiteElo "2030"]
[BlackElo "2086"]
[PlyCount "69"]
[EventDate "2013.10.13"]
[EventType "team-tourn"]
[EventRounds "9"]
[EventCountry "GER"]
[SourceTitle "EXT 2015"]
[Source "ChessBase"]
[SourceDate "2014.11.20"]
[SourceVersion "1"]
[SourceVersionDate "2014.11.20"]
[SourceQuality "1"]
[WhiteTeam "Starnberger See"]
[BlackTeam "Trostberg"]
[WhiteTeamCountry "GER"]
[BlackTeamCountry "GER"]

1. e4 e5 2. Nf3 Nf6 3. Nc3 Nc6 4. a3 d6 5. d4 exd4 6. Nxd4 Bd7 7. Be2 Be7 8. 0-0 0-0 9. Be3 Re8 10. f4 Bf8 11. Bf3 g6 12. Nxc6 Bxc6 13. Qd3 Qe7 14. Rae1 Nxe4 15. Bxa7 f5 16. Bd4 d5 17. b4 b6 18. Be5 Qd7 19. Kh1 Bd6 20. b5 Bb7 21. Nxd5 Bxe5 22. Bxe4 Red8 23. Bf3 Bxd5 24. Rxe5 Bxf3 25. Qxf3 Re8 26. Rd5 Qe7 27. Rd3 Qc5 28. h3 Qxb5 29. Rfd1 Re4 30. Rd7 Qc4 31. Qg3 Rxf4 32. Qg5 Rf1+ 33. Rxf1 Qxf1+ 34. Kh2 Qb5 35. Qe7 1-0

[Event "Regionalliga SO 1213"]
[Site "Bayern"]
[Date "2013.04.14"]
[Round "9.3"]
[White "Hartl, Aldo"]
[Black "Hofmann, Juergen2222"]
[Result "1/2-1/2"]
[WhiteElo "2095"]
[BlackElo "2143"]
[PlyCount "45"]
[EventDate "2012.10.14"]
[EventType "team-tourn"]
[EventRounds "9"]
[EventCountry "GER"]
[SourceTitle "EXT 2015"]
[Source "ChessBase"]
[SourceDate "2014.11.20"]
[SourceVersion "1"]
[SourceVersionDate "2014.11.20"]
[SourceQuality "1"]
[WhiteTeam "Trostberg"]
[BlackTeam "Graefelfing"]
[WhiteTeamCountry "GER"]
[BlackTeamCountry "GER"]

1. e4 c5 2. Nf3 Nc6 3. Nc3 Nf6 4. Bb5 Nd4 5. Bc4 d6 6. h3 e6 7. 0-0 Be7 8. d3 d5 9. exd5 exd5 10. Bb3 Nxb3 11. axb3 d4 12. Ne2 Nd5 13. Re1 0-0 14. Nf4 Nxf4 15. Bxf4 Be6 16. Qd2 Re8 17. Ne5 Bd6 18. Nc4 Bf8 19. Bg3 Qd7 20. Re2 Bxc4 21. Rxe8 Rxe8 22. bxc4 a6 23. Re1 1/2-1/2

[Event "Regionalliga SO 1213"]
[Site "Bayern"]
[Date "2013.03.17"]
[Round "8.5"]
[White "Haselbeck, Franz"]
[Black "Hartl, Aldo"]
[Result "1/2-1/2"]
[WhiteElo "1827"]
[BlackElo "2095"]
[PlyCount "132"]
[EventDate "2012.10.14"]
[EventType "team-tourn"]
[EventRounds "9"]
[EventCountry "GER"]
[SourceTitle "EXT 2015"]
[Source "ChessBase"]
[SourceDate "2014.11.20"]
[SourceVersion "1"]
[SourceVersionDate "2014.11.20"]
[SourceQuality "1"]
[WhiteTeam "Deggendorf"]
[BlackTeam "Trostberg"]
[WhiteTeamCountry "GER"]
[BlackTeamCountry "GER"]

1. Nf3 Nf6 2. g3 g6 3. Bg2 Bg7 4. 0-0 0-0 5. d3 d5 6. Nbd2 d4 7. Nc4 c5 8. e4 dxe3 9. Bxe3 Na6 10. Qd2 Be6 11. Nce5 Nd7 12. Nxd7 Qxd7 13. Ng5 Bd5 14. Bh3 f5 15. Qa5 Bc6 16. Bg2 Bxg2 17. Kxg2 e5 18. Qa3 f4 19. Bd2 f3+ 20. Kh1 h6 21. Qb3+ Kh8 22. Qe6 Qe8 23. Qh3 Kg8 24. Ne4 Kh7 25. a3 Qe7 26. Rae1 Nc7 27. Nc3 Rad8 28. Re4 Rd4 29. Rfe1 Qd7 30. Qxd7 Rxd7 31. Na4 Rd5 32. Nc3 Rd7 33. Rc4 Ne6 34. Ne4 b6 35. b4 Rc8 36. bxc5 bxc5 37. Rb1 Rd4 38. Be3 Rxc4 39. dxc4 Nd4 40. c3 Ne6 41. Rb7 g5 42. h4 Kg6 43. hxg5 hxg5 44. Rxa7 Rc6 45. a4 Kf5 46. Nxg5 Nxg5 47. Bxg5 Bh6 48. Bxh6 Rxh6+ 49. Kg1 Rb6 50. Rf7+ Ke4 51. a5 Rb1+ 52. Kh2 Rf1 53. a6 Rxf2+ 54. Kh3 Ra2 55. a7 Ke3 56. g4 Ra1 57. g5 f2 58. g6 f1Q+ 59. Rxf1 Rxa7 60. Rf7 Ra6 61. Rg7 e4 62. Kg4 Ra1 63. Rg8 Rg1+ 64. Kf5 Kd3 65. g7 Kxc4 66. Kxe4 Kxc3 1/2-1/2

[Event "Regionalliga SO 1213"]
[Site "Bayern"]
[Date "2012.12.09"]
[Round "4.4"]
[White "Krause, Christian"]
[Black "Hartl, Aldo"]
[Result "1/2-1/2"]
[WhiteElo "1988"]
[BlackElo "2095"]
[PlyCount "57"]
[EventDate "2012.10.14"]
[EventType "team-tourn"]
[EventRounds "9"]
[EventCountry "GER"]
[SourceTitle "EXT 2015"]
[Source "ChessBase"]
[SourceDate "2014.11.20"]
[SourceVersion "1"]
[SourceVersionDate "2014.11.20"]
[SourceQuality "1"]
[WhiteTeam "Ebersberg Grafing"]
[BlackTeam "Trostberg"]
[WhiteTeamCountry "GER"]
[BlackTeamCountry "GER"]

1. g3 Nf6 2. Bg2 g6 3. e4 d6 4. c4 Bg7 5. Nc3 0-0 6. Nge2 c5 7. 0-0 Nc6 8. d3 a6 9. h3 Rb8 10. a4 Ne8 11. Be3 Nc7 12. d4 cxd4 13. Nxd4 Ne6 14. Nde2 Qa5 15. Rc1 Nc5 16. b3 Qb4 17. Bxc5 Qxc5 18. Kh2 Nb4 19. Nd5 e6 20. Ne7+ Kh8 21. Nxc8 Rbxc8 22. Qd2 Rfd8 23. f4 f5 24. Rfd1 Nc6 25. exf5 gxf5 26. Bxc6 Rxc6 27. Nd4 Bxd4 28. Qxd4+ Qxd4 29. Rxd4 1/2-1/2

[Event "Regionalliga SO 1213"]
[Site "Bayern"]
[Date "2012.10.14"]
[Round "1.5"]
[White "Zemskyi, Evgen"]
[Black "Hartl, Aldo"]
[Result "0-1"]
[WhiteElo "1829"]
[BlackElo "2095"]
[PlyCount "48"]
[EventDate "2012.10.14"]
[EventType "team-tourn"]
[EventRounds "9"]
[EventCountry "GER"]
[SourceTitle "EXT 2015"]
[Source "ChessBase"]
[SourceDate "2014.11.20"]
[SourceVersion "1"]
[SourceVersionDate "2014.11.20"]
[SourceQuality "1"]
[WhiteTeam "Ingolstadt II"]
[BlackTeam "Trostberg"]
[WhiteTeamCountry "GER"]
[BlackTeamCountry "GER"]

1. d4 g6 2. c4 Nf6 3. Nc3 d5 4. cxd5 Nxd5 5. e4 Nxc3 6. bxc3 Bg7 7. Be3 c5 8. Bc4 Nc6 9. Ne2 0-0 10. 0-0 Qc7 11. Qc2 Bd7 12. Rab1 Rab8 13. Rfd1 Rfd8 14. Nf4 e6 15. d5 Na5 16. dxe6 Nxc4 17. Nd5 Qa5 18. exd7 Na3 19. Qb3 Nxb1 20. Bg5 Nxc3 21. Bxd8 Rxd8 22. Nxc3 Bxc3 23. Qxb7 Bd4 24. Qd5 Qa4 0-1

[Event "Regionalliga SO 1112"]
[Site "Bayern"]
[Date "2012.03.18"]
[Round "8.4"]
[White "Rimmelspacher, Udo"]
[Black "Hartl, Aldo"]
[Result "1/2-1/2"]
[WhiteElo "2007"]
[BlackElo "2079"]
[PlyCount "108"]
[EventDate "2011.10.02"]
[EventType "team-tourn"]
[EventRounds "9"]
[EventCountry "GER"]
[SourceTitle "EXT 2015"]
[Source "ChessBase"]
[SourceDate "2014.11.20"]
[SourceVersion "1"]
[SourceVersionDate "2014.11.20"]
[SourceQuality "1"]
[WhiteTeam "Ingolstadt II"]
[BlackTeam "Trostberg"]
[WhiteTeamCountry "GER"]
[BlackTeamCountry "GER"]

1. d4 Nf6 2. Nf3 g6 3. b3 Bg7 4. Bb2 0-0 5. g3 c5 6. dxc5 Na6 7. Bg2 Nxc5 8. c4 Qa5+ 9. Nbd2 Rd8 10. 0-0 d6 11. Qc1 Bd7 12. Nd4 Rac8 13. Bc3 Qb6 14. Qb2 a5 15. a4 e5 16. Nb5 Bc6 17. Rad1 Bxg2 18. Kxg2 Nfe4 19. Nxe4 Nxe4 20. Qc2 d5 21. f3 Nxc3 22. Qxc3 dxc4 23. bxc4 e4 24. Qb3 Rxd1 25. Rxd1 exf3+ 26. exf3 Re8 27. Qd3 h5 28. Nd6 Re3 29. Qd2 Rb3 30. Qe1 Rb2+ 31. Kh3 Qc6 32. Qe8+ Qxe8 33. Nxe8 Rb4 34. Nd6 Bf8 35. c5 Kg7 36. Ne8+ Kg8 37. Nd6 Be7 38. Rd5 Kf8 39. Ne4 Rxa4 40. Rd7 Rb4 41. Rc7 Ke8 42. c6 bxc6 43. Rxc6 Rb3 44. Ra6 Bd8 45. f4 Rb4 46. Nc5 Rb5 47. Ne4 Rb4 48. Nc5 Rb8 49. Nd3 f6 50. Nc5 Rb5 51. Ne4 Rb6 52. Rxa5 Rb4 53. Nd6+ Kd7 54. Ra6 Rb6 1/2-1/2

[Event "Regionalliga SO 1112"]
[Site "Bayern"]
[Date "2012.01.15"]
[Round "5.4"]
[White "Hartl, Aldo"]
[Black "Fruehauf, Norbert"]
[Result "0-1"]
[WhiteElo "2079"]
[BlackElo "1997"]
[PlyCount "76"]
[EventDate "2011.10.02"]
[EventType "team-tourn"]
[EventRounds "9"]
[EventCountry "GER"]
[SourceTitle "EXT 2013"]
[Source "ChessBase"]
[SourceDate "2012.11.22"]
[SourceVersion "1"]
[SourceVersionDate "2012.11.22"]
[SourceQuality "1"]
[WhiteTeam "Trostberg"]
[BlackTeam "Rottal II"]
[WhiteTeamCountry "GER"]
[BlackTeamCountry "GER"]

1. c4 e5 2. g3 Nc6 3. Bg2 g6 4. Nc3 Bg7 5. Rb1 f5 6. b4 Nf6 7. b5 Ne7 8. Qb3 0-0 9. c5+ Kh8 10. Nf3 d6 11. cxd6 cxd6 12. d4 e4 13. Ng5 d5 14. h4 h6 15. Nh3 Be6 16. e3 b6 17. Ba3 Re8 18. 0-0 Bf8 19. Rbc1 Rc8 20. Rc2 Qd7 21. Rfc1 Kg7 22. Bb4 Rc7 23. a4 Nc8 24. Bxf8+ Rxf8 25. Na2 Rxc2 26. Rxc2 Ne7 27. Bf1 Rc8 28. Be2 Nh7 29. Nb4 g5 30. hxg5 hxg5 31. Rxc8 Qxc8 32. Kh2 f4 33. Nxf4 gxf4 34. exf4 Nf6 35. Nc2 Bg4 36. Bf1 Qh8+ 37. Kg1 Bf3 38. Bg2 Ng4 0-1

[Event "Regionalliga SO 1011"]
[Site "Bayern"]
[Date "2011.01.16"]
[Round "5.5"]
[White "Nurbekoglu, Michael"]
[Black "Hartl, Aldo"]
[Result "1-0"]
[WhiteElo "2012"]
[BlackElo "2081"]
[PlyCount "83"]
[EventDate "2010.10.10"]
[EventType "team-tourn"]
[EventRounds "9"]
[EventCountry "GER"]
[SourceTitle "EXT 2012"]
[Source "ChessBase"]
[SourceDate "2011.11.24"]
[SourceVersion "1"]
[SourceVersionDate "2011.11.24"]
[SourceQuality "1"]
[WhiteTeam "Landshut"]
[BlackTeam "Trostberg"]
[WhiteTeamCountry "GER"]
[BlackTeamCountry "GER"]

1. Nf3 Nf6 2. g3 b6 3. Bg2 Bb7 4. 0-0 e6 5. c4 c5 6. Nc3 Be7 7. b3 0-0 8. Bb2 d6 9. d4 cxd4 10. Nxd4 Bxg2 11. Kxg2 a6 12. e4 Qc7 13. Re1 Nbd7 14. Rc1 Qb7 15. f3 Rac8 16. Qe2 Rfe8 17. Rcd1 Bf8 18. Qf2 Ne5 19. f4 Ng6 20. Qf3 e5 21. Nf5 b5 22. Nxd6 Bxd6 23. Rxd6 exf4 24. Rxf6 Ne5 25. Qd1 f3+ 26. Rxf3 Nxf3 27. Qxf3 bxc4 28. b4 Qxb4 29. Re2 Rc6 30. Nd5 Qb7 31. Bc3 Qd7 32. Rd2 Qe6 33. Nf4 Qe7 34. e5 Rh6 35. h4 Rd8 36. Rb2 Qe8 37. Rb7 Qc6 38. Nd5 Qe6 39. Rb6 Qd7 40. Rxh6 Qxd5 41. Qxd5 Rxd5 42. Rd6 1-0